000 01685nam0a22003251 4500
001 rc\146023
005 20250620205605.0
010 _a5-265-01328-8
_950000
035 _a(NLR Aleph) 005415737
090 _a7421603
_c7421603
100 _a20030307d1991 |||y0rusy50 ca
101 0 _arus
102 _aRU
105 _aa |||||||||
200 1 _aТа далекая ночь
_eПовести, рассказы
_eПер. с азерб.
_fНаби Хазри
210 _aМ.
_cСов. писатель
_d1991
215 _a461 c.
_cпортр.
_d20
300 _aПеред вып. дан. авт.: Наби Хазри (Наби Хазри Алекпер оглы Бабаев)
327 1 _aСодерж.: Разделы: Та далекая ночь; Где твой дом, садовник; Из рассказов о жизни азербайджанцев за рубежом; Думы без границ; Театральные встречи
464 0 _12001#$aТа далекая ночь
_tТа далекая ночь
464 0 _12001#$aГде твой дом, садовник
_tГде твой дом, садовник
464 0 _12001#$aИз рассказов о жизни азербайджанцев за рубежом
_tИз рассказов о жизни азербайджанцев за рубежом
464 0 _12001#$aДумы без границ
_tДумы без границ
464 0 _12001#$aТеатральные встречи
_tТеатральные встречи
700 1 _aХазри
_bН.
_f1924-
_gНаби
801 0 _aRU
_bNLR
_gpsbo
801 1 _aRU
_bELAR
_2rusmarc
852 _aNLR
_j90-3/13924
942 _cBOOK
980 _aNB